000 01550nam a2200289Ia 4500
003 OSt
005 20201210160641.0
008 191128s2009 ck ad gr 000 0 spa d
020 _a9789586827508
040 _aCO-JMCR
_cCO-JMCR
041 0 _aspa
082 0 4 _a658.404 /
_bM973p
_223
100 1 _aMurcia M., Jairo Dario,
_eautor
_912514
245 1 0 _aProyectos :
_bformulación y criterios de evaluación /
_cFlor Nancy Díaz P., Victor Medellín D., [y 5 más] editor: Luis Javier Buitrago D.
260 _aBogotá :
_bAlfaomega,
_c2009
300 _axxiv, 468 páginas :
_bilustraciones y gráficos a blanco y negro ;
_c24 cm.
500 _aBibliográfia al final de cada cápitulo. Incluye índice.
505 0 _aIdentificación de los proyectos -- Tipificación de los proyectos -- Componentes de los proyectos -- Inteligencia de mercados --Ingeniería de los proyectos -- Tamaño de los proyectos -- Localización de los proyectos
520 0 _aPara convertir una idea en PROYECTO es necesario resolver varios interrogantes: ¿Qué hacer, cómo, cuándo, dónde, con qué recursos, cuál sería su rentabibllidad? Através de este libro, ocho autores expertos en formular y evaluar proyectos de inversión, des
650 2 4 _aAdministración de proyectos
_912200
650 2 4 _aEvaluación de proyectos
_92814
650 2 4 _aControl de proyectos
_912515
700 1 _aDíaz P., Flor Nancy,
_eautora
_912516
700 1 _aMedellín D., Victor,
_eautor
_912517
700 1 _aBuitrago D., Luis Javier,
_eeditor
_912518
942 _2ddc
_cBK
999 _c6136
_d6136